Guess the movie based on its tagline - Statistics

General Stats
  • This quiz has been taken 69 times
  • The average score is 10 of 20
Answer Stats
Hint Answer % Correct
She’s Everything. He’s just Ken. Barbie
94%
In space, no one can hear you scream. Alien
83%
Earn. Spend. Party. The Wolf Of Wall Street
73%
You won’t know the facts until you’ve seen the fiction. Pulp Fiction
71%
Put on a happy face. Joker
67%
A family comedy without the family. Home Alone
60%
This is the end… Apocalypse Now
56%
Here’s to the fools who dream. La La Land
50%
More than one wears the mask. Spider-Man : Into the Spider-Verse
50%
When you can live forever, what do you live for ? Twilight
50%
The true story of a real fake. Catch Me If You Can
48%
A lot can happen in the middle of nowhere. Fargo
48%
What we do in life echoes in eternity. Gladiator
38%
The flower that blooms in adversity is the most rare and beautiful of all. Mulan
38%
Man is the warmest place to hide. The Thing
35%
There are no clean getaways. Drive
31%
Just because you’re invited, doesn’t mean you’re welcome. Get Out
29%
Watch your back. Mean Girls
21%
Act like you own the place. Parasite
21%
It’s a strange world. Blue Velvet
10%
No matching quizzes found
Score Distribution
Percent of People with Each Score
Percentile by Number Answered
Your Score History
You have not taken this quiz